00482cam a22002051 4500001001300000003000400013005001700017008004100034010001700075035002000092040001800112042001200130050001800142100002200160245003100182260001100213300001900224500001600243999001700259sa 68000041 DLC20260227112419.0890621s1967 ii 000 0 beno  asa 68000041  a(OCoLC)19906547 aDLCcWaUdDLC apremarc00aPK1718.B6bR31 aBose, Buddhadeva.10aRāta bhaʼre br̥shṭi. c[1967] a167 p.c22 cm. aIn Bengali. c76895d76895